[Event "New Zealand Open Ch'p 2015"]
[Site "Devonport, Auckland"]
[Date "2015.01.05"]
[Round "5.7"]
[White "Ker, Anthony F"]
[Black "Jule, Alexandra"]
[Result "1-0"]
[WhiteElo "2302"]
[BlackElo "1939"]
[PlyCount "109"]
[EventDate "2015.01.01"]
[EventType "swiss"]
[EventRounds "9"]
[SourceDate "2015.01.01"]

1. e4 e6 2. d4 d5 3. e5 c5 4. c3 Nc6 5. Nf3 Qb6 6. a3 c4 7. Nbd2 Na5 8. g3 Bd7
9. h4 O-O-O 10. Bh3 Be7 11. O-O Nh6 12. Rb1 Nf5 13. Re1 h6 14. Nf1 Rdg8 15.
N3h2 Bxa3 16. Bxf5 exf5 17. Ne3 Be6 18. Qf3 Rd8 19. Nxf5 Bf8 20. h5 Nb3 21. Ne3
Be7 22. Nf5 Bxf5 23. Qxf5+ Qe6 24. Qg4 Kc7 25. Be3 Rdf8 26. Kg2 Qxg4 27. Nxg4
b5 28. f4 a5 29. f5 Bg5 30. Bxg5 hxg5 31. f6 gxf6 32. Nxf6 Rd8 33. e6 fxe6 34.
Rxe6 b4 35. Rbe1 Kb7 36. Re7+ Kc6 37. Ra7 bxc3 38. bxc3 Kb5 39. Re5 Ka4 40.
Nxd5 Rh6 41. g4 Ka3 42. Ne3 Rc6 43. d5 Rc5 44. Re4 Kb2 45. Rxc4 Rdxd5 46. Rxc5
Rxc5 47. h6 Rc8 48. h7 Rh8 49. Nd5 a4 50. Nb6 Kxc3 51. Nxa4+ Kd4 52. Re7 Nd2
53. Nb6 Kc5 54. Nc8 Rxc8 55. Rc7+ 1-0

[Event "New Zealand Open Ch'p 2015"]
[Site "Devonport, Auckland"]
[Date "2015.01.05"]
[Round "5.8"]
[White "Teh, Eu Wen Aron"]
[Black "Steadman, Michael VR"]
[Result "1/2-1/2"]
[WhiteElo "2300"]
[BlackElo "2257"]
[PlyCount "51"]
[EventDate "2015.01.01"]
[EventType "swiss"]
[EventRounds "9"]
[SourceDate "2015.01.01"]

1. d4 Nf6 2. c4 e6 3. Nc3 Bb4 4. Qc2 O-O 5. a3 Bxc3+ 6. Qxc3 b6 7. Bg5 h6 8.
Bh4 Bb7 9. f3 d6 10. e3 Nbd7 11. Bd3 c5 12. Ne2 Rc8 13. O-O cxd4 14. Nxd4 d5
15. Rac1 Ba6 16. b3 b5 17. Bxf6 gxf6 18. Qe1 bxc4 19. Qg3+ Kh8 20. Qh4 Kg7 21.
Bf5 Qe7 22. Qg4+ Kh8 23. Qh5 Kg7 24. Qg4+ Kh8 25. Qh5 Kg7 26. Qg4+ 1/2-1/2

[Event "New Zealand Open Ch'p 2015"]
[Site "Devonport, Auckland"]
[Date "2015.01.05"]
[Round "5.9"]
[White "Le Roy, Brice"]
[Black "Rains, Edward"]
[Result "1/2-1/2"]
[WhiteElo "2290"]
[BlackElo "1973"]
[PlyCount "102"]
[EventDate "2015.01.01"]
[EventType "swiss"]
[EventRounds "9"]
[SourceDate "2015.01.01"]

1. e4 c5 2. Nf3 g6 3. d4 cxd4 4. Qxd4 Nf6 5. e5 Nc6 6. Qa4 Nd5 7. Qb3 Nb6 8. a4
a5 9. Be3 Nb4 10. Na3 Bg7 11. Bc4 O-O 12. c3 Nxc4 13. Nxc4 Nd5 14. Nb6 Nxe3 15.
fxe3 Ra6 16. Nxc8 Qxc8 17. Qb5 Qc6 18. O-O Rb6 19. Qxc6 bxc6 20. Rfd1 Rd8 21.
Rd2 d5 22. exd6 Rxd6 23. Rc2 c5 24. Nd2 Rd3 25. Nc4 Ra6 26. Rd2 Rxd2 27. Nxd2
Be5 28. Ra3 Rd6 29. Nc4 Rd1+ 30. Kf2 Bc7 31. Rb3 Ra1 32. Na3 Be5 33. Kf3 f5 34.
h3 Bd6 35. Rb5 Rf1+ 36. Ke2 Rg1 37. Kf2 Rd1 38. Nc4 Rc1 39. Rxa5 Rc2+ 40. Kf3
Bh2 41. Rxc5 h5 42. h4 Bg1 43. Rd5 Rf2+ 44. Kg3 Rf1 45. Rd2 e5 46. Kh3 f4 47.
exf4 exf4 48. g3 f3 49. Rd3 Be3 50. Kh2 Bg1+ 51. Kh3 Be3 1/2-1/2

[Event "New Zealand Open Ch'p 2015"]
[Site "Devonport, Auckland"]
[Date "2015.01.05"]
[Round "5.10"]
[White "Garbett, Paul A"]
[Black "Dowden, R Anthony"]
[Result "1-0"]
[WhiteElo "2264"]
[BlackElo "2108"]
[PlyCount "95"]
[EventDate "2015.01.01"]
[EventType "swiss"]
[EventRounds "9"]
[SourceDate "2015.01.01"]

1. Nf3 Nf6 2. c4 c5 3. Nc3 g6 4. g3 Bg7 5. Bg2 Nc6 6. O-O e5 7. Ne1 O-O 8. a3
d6 9. Nc2 Be6 10. d3 Qd7 11. Bg5 Nh5 12. Qd2 Nd4 13. Nxd4 exd4 14. Nd5 f6 15.
Bh6 Bh3 16. Bxg7 Kxg7 17. e3 Bxg2 18. Kxg2 dxe3 19. fxe3 f5 20. Qc3+ Kg8 21. h3
Qg7 22. g4 fxg4 23. hxg4 Qd7 24. Kh3 Qe6 25. e4 Rad8 26. Kh2 Ng7 27. Nf6+ Kh8
28. Rad1 Rf7 29. g5 Qe5+ 30. Qxe5 dxe5 31. Ng4 Re7 32. Nh6 Rde8 33. Kh3 Ne6 34.
Kh4 Rf8 35. Rxf8+ Nxf8 36. Ng4 Kg7 37. b4 Ne6 38. Rf1 b6 39. Nxe5 Nxg5 40. Nc6
Rc7 41. b5 Ne6 42. e5 Rd7 43. Rf6 g5+ 44. Kg4 h5+ 45. Kxh5 Nf4+ 46. Kxg5 Nh3+
47. Kg4 Rxd3 48. Rf3 1-0

[Event "New Zealand Open Ch'p 2015"]
[Site "Devonport, Auckland"]
[Date "2015.01.05"]
[Round "5.11"]
[White "Eade, Don G"]
[Black "Reilly, Tim"]
[Result "1-0"]
[WhiteElo "1858"]
[BlackElo "2238"]
[PlyCount "101"]
[EventDate "2015.01.01"]
[EventType "swiss"]
[EventRounds "9"]
[SourceDate "2015.01.01"]

1. e4 d6 2. d4 g6 3. Nc3 Bg7 4. f4 Nf6 5. Nf3 O-O 6. Bd3 Na6 7. O-O c5 8. h3
cxd4 9. Nxd4 Qb6 10. Be3 Qxb2 11. Qd2 Qb4 12. Rab1 Qa5 13. f5 Nc5 14. Rb5 Qc7
15. fxg6 hxg6 16. Nf3 Nxd3 17. cxd3 Bd7 18. Rb3 Be6 19. Rb4 Rfc8 20. Rc1 Qd7
21. d4 Bc4 22. e5 Ne8 23. Rcb1 b6 24. Ne4 b5 25. Qf2 a5 26. R4b2 Bd3 27. Nfg5
Qf5 28. Qh4 Bxb1 29. Rxb1 dxe5 30. Rf1 Qxf1+ 31. Kxf1 Nf6 32. dxe5 Nxe4 33.
Qxe4 e6 34. Qb7 Rf8 35. Bc5 Rab8 36. Qf3 Bxe5 37. Bxf8 Rxf8 38. Qe2 Bf4 39.
Qxb5 Rd8 40. Qxa5 Rd1+ 41. Ke2 Rd5 42. Qa8+ Kg7 43. Nf3 Rc5 44. a4 Rc2+ 45. Kd3
Rxg2 46. Ke4 Bc7 47. Qa7 Rc2 48. Kd3 Rc1 49. a5 Bf4 50. a6 e5 51. Qb7 1-0

[Event "New Zealand Open Ch'p 2015"]
[Site "Devonport, Auckland"]
[Date "2015.01.05"]
[Round "5.12"]
[White "Carpinter, Bernard A"]
[Black "Drummond, Matthew"]
[Result "0-1"]
[WhiteElo "1873"]
[BlackElo "2231"]
[PlyCount "140"]
[EventDate "2015.01.01"]
[EventType "swiss"]
[EventRounds "9"]
[SourceDate "2015.01.01"]

1. d4 Nf6 2. Nf3 g6 3. Bg5 Bg7 4. c3 d6 5. Nbd2 O-O 6. e4 Nc6 7. Bb5 a6 8. Bxc6
bxc6 9. O-O Nd7 10. Re1 f6 11. Be3 Kh8 12. Qe2 a5 13. Qc4 Bb7 14. Rad1 e5 15.
dxe5 Nxe5 16. Nxe5 fxe5 17. Qa4 Qe8 18. f3 c5 19. Qxe8 Rfxe8 20. a4 Bc6 21. b3
Reb8 22. c4 Rb7 23. Rc1 Bf6 24. Rc3 Rab8 25. Rd3 Kg7 26. Rc1 h5 27. Rcc3 Be8
28. Kf2 Kf7 29. Ke2 Ke6 30. Nf1 c6 31. Nd2 Rg7 32. Nf1 Be7 33. Rc1 g5 34. Bd2
Ra8 35. g4 Rh7 36. h3 hxg4 37. hxg4 Bg6 38. Ne3 Rh2+ 39. Kd1 Kf6 40. Bc3 Ke6
41. Rc2 Rh1+ 42. Kd2 Bd8 43. Nf5 Bc7 44. Ke3 Rah8 45. Rcd2 Rd8 46. Rd1 Rh3 47.
Rg1 Rb8 48. Bd2 Rh2 49. Rc3 Kf6 50. Kd3 Rbh8 51. Kc2 Rf2 52. Rd3 Rhh2 53. Rg3
Ke6 54. Kc3 Bh7 55. Ng7+ Kf7 56. Nf5 Ke6 57. Ng7+ Kd7 58. Nf5 Bg8 59. Rg1 Rh3
60. Rg3 Rhh2 61. Rg1 Be6 62. Rg3 d5 63. cxd5 cxd5 64. Ne3 d4+ 65. Kc2 Rxd2+ 66.
Rxd2 Rxd2+ 67. Kxd2 dxe3+ 68. Kc3 c4 69. bxc4 Bb6 70. Kd3 Bxc4+ 0-1

[Event "New Zealand Open Ch'p 2015"]
[Site "Devonport, Auckland"]
[Date "2015.01.05"]
[Round "5.13"]
[White "Zhu, Leo Lei"]
[Black "Thornton, Giovanni A"]
[Result "0-1"]
[WhiteElo "1978"]
[BlackElo "2143"]
[PlyCount "62"]
[EventDate "2015.01.01"]
[EventType "swiss"]
[EventRounds "9"]
[SourceDate "2015.01.01"]

1. e4 e6 2. d4 d5 3. Nc3 Bb4 4. e5 c5 5. a3 Bxc3+ 6. bxc3 Ne7 7. Qg4 O-O 8. Nf3
Nbc6 9. Bd3 f5 10. exf6 Rxf6 11. Bg5 Rf7 12. Qg3 c4 13. Be2 Qa5 14. Bd2 Nf5 15.
Qg5 Nd6 16. O-O Ne4 17. Qe3 Bd7 18. Ne5 Nxe5 19. dxe5 Bc6 20. Bg4 d4 21. Qe2
Re8 22. f3 d3 23. Qe1 Nxd2 24. Qxd2 Rd7 25. Rfe1 Ba4 26. Qf4 d2 27. Rf1 Qxc3
28. Bh5 Red8 29. Qg4 Qd4+ 30. Qxd4 Rxd4 31. f4 Bxc2 0-1

[Event "New Zealand Open Ch'p 2015"]
[Site "Devonport, Auckland"]
[Date "2015.01.05"]
[Round "5.15"]
[White "Smith, Robert W"]
[Black "Zhu, Karl Kai"]
[Result "1-0"]
[WhiteElo "2233"]
[BlackElo "1689"]
[PlyCount "83"]
[EventDate "2015.01.01"]
[EventType "swiss"]
[EventRounds "9"]
[SourceDate "2015.01.01"]

1. e4 c5 2. d3 d6 3. f4 Nc6 4. Nf3 Nf6 5. Be2 e6 6. O-O Be7 7. Qe1 O-O 8. Qg3
Nd4 9. Nxd4 cxd4 10. Nd2 Re8 11. Nf3 Qc7 12. Bd1 Bf8 13. Kh1 Qc5 14. Bd2 g6 15.
b4 Qb6 16. Nh4 Qb5 17. a4 Qc6 18. Nf3 Bg7 19. Nxd4 Nxe4 20. dxe4 Bxd4 21. c3
Bg7 22. Bf3 Qc7 23. a5 Bd7 24. Rac1 b5 25. h4 Rac8 26. h5 Re7 27. Qh4 Bc6 28.
c4 bxc4 29. Rxc4 Qd8 30. Rfc1 Rec7 31. Qxd8+ Rxd8 32. Rxc6 Rcd7 33. Rc8 Bf6 34.
Rxd8+ Rxd8 35. Bc3 Rc8 36. Bb2 Rxc1+ 37. Bxc1 Bc3 38. hxg6 hxg6 39. Ba3 Be1 40.
a6 Kf8 41. b5 Ke8 42. b6 1-0

[Event "New Zealand Open Ch'p 2015"]
[Site "Devonport, Auckland"]
[Date "2015.01.05"]
[Round "5.16"]
[White "Yan, Caroline"]
[Black "Hague, Ben"]
[Result "0-1"]
[WhiteElo "1557"]
[BlackElo "2317"]
[PlyCount "64"]
[EventDate "2015.01.01"]
[EventType "swiss"]
[EventRounds "9"]
[SourceDate "2015.01.01"]

1. d4 Nf6 2. c4 e6 3. Nc3 Bb4 4. Bd2 O-O 5. Nf3 c5 6. dxc5 Bxc5 7. e4 Ng4 8.
Be3 Nxe3 9. fxe3 Bxe3 10. Qd3 Qb6 11. Qc2 Nc6 12. a3 Bf4 13. Rd1 a6 14. b4 d6
15. Rd3 Ne5 16. Nxe5 Bxe5 17. Qf2 Qxf2+ 18. Kxf2 Bd7 19. Nd1 Rac8 20. Rd2 f5
21. exf5 Rxf5+ 22. Ke1 Rh5 23. h3 Bg3+ 24. Ke2 Re5+ 25. Kd3 b5 26. Kc2 bxc4 27.
Nc3 d5 28. Rd4 Bf2 29. Rd2 Be3 30. Rd1 d4 31. Na2 Ba4+ 32. Kb1 Bxd1 0-1

[Event "New Zealand Open Ch'p 2015"]
[Site "Devonport, Auckland"]
[Date "2015.01.05"]
[Round "5.17"]
[White "McLaren, Leonard J"]
[Black "Rains, Timothy"]
[Result "1-0"]
[WhiteElo "2210"]
[BlackElo "1814"]
[PlyCount "91"]
[EventDate "2015.01.01"]
[EventType "swiss"]
[EventRounds "9"]
[SourceDate "2015.01.01"]

1. e4 c6 2. d4 d5 3. e5 Bf5 4. Nf3 e6 5. Be2 Nd7 6. O-O c5 7. c3 Ne7 8. dxc5
Nc6 9. Nd4 Bg6 10. b4 Ndxe5 11. Bf4 Nxd4 12. cxd4 Nd7 13. Nc3 Be7 14. Nb5 O-O
15. Bc7 Qc8 16. Bg3 Nf6 17. Nd6 Bxd6 18. Bxd6 Rd8 19. Bb5 a6 20. Ba4 b5 21. Bb3
Qb7 22. f3 Nd7 23. Qd2 Nb8 24. a4 Nc6 25. Ra2 Ra7 26. Rfa1 Rda8 27. Bd1 h6 28.
Be2 Bf5 29. Bf1 Bg6 30. g4 h5 31. h3 f6 32. Rb2 Kf7 33. Bg2 Ke8 34. f4 hxg4 35.
hxg4 Bf7 36. f5 Qd7 37. g5 exf5 38. gxf6 gxf6 39. Qh6 Kd8 40. Qh8+ Qe8 41.
Qxf6+ Kc8 42. Qxf5+ Kb7 43. Re2 Nxd4 44. Bxd5+ Bxd5 45. Qxd5+ Qc6 46. Re7+ 1-0

[Event "New Zealand Open Ch'p 2015"]
[Site "Devonport, Auckland"]
[Date "2015.01.05"]
[Round "5.18"]
[White "Morrell, Gordon"]
[Black "Lauterbach, Ingrid"]
[Result "1/2-1/2"]
[WhiteElo "2147"]
[BlackElo "2089"]
[PlyCount "41"]
[EventDate "2015.01.01"]
[EventType "swiss"]
[EventRounds "9"]
[SourceDate "2015.01.01"]

1. d4 d6 2. g3 g6 3. Bg2 Bg7 4. e4 c5 5. dxc5 Qa5+ 6. Bd2 Qxc5 7. Nc3 Nf6 8.
Nge2 Nbd7 9. h3 Ne5 10. b3 Bd7 11. Be3 Qa5 12. O-O O-O 13. Nd5 Nc6 14. a3 e6
15. Nxf6+ Bxf6 16. Ra2 d5 17. c4 dxc4 18. bxc4 Rfd8 19. Qb3 Qa6 20. Qb5 Qa5 21.
Rb1 1/2-1/2

[Event "New Zealand Open Ch'p 2015"]
[Site "Devonport, Auckland"]
[Date "2015.01.05"]
[Round "5.19"]
[White "McNabb, Matthew D"]
[Black "Maris, Robert"]
[Result "1-0"]
[WhiteElo "2069"]
[BlackElo "1895"]
[PlyCount "63"]
[EventDate "2015.01.01"]
[EventType "swiss"]
[EventRounds "9"]
[SourceDate "2015.01.01"]

1. d4 Nf6 2. c4 e6 3. Nc3 Bb4 4. e3 b6 5. Nge2 Bb7 6. a3 Be7 7. d5 e5 8. Ng3 g6
9. Bd3 d6 10. e4 h5 11. Nf1 Nbd7 12. Ne3 a5 13. O-O Ng8 14. Bd2 Bf6 15. Qc2 Ne7
16. b4 axb4 17. axb4 O-O 18. Nb5 Ba6 19. Nc3 Bg7 20. Ra2 Bb7 21. Rfa1 c6 22.
Rxa8 Bxa8 23. Ra7 Qc8 24. c5 bxc5 25. bxc5 Nxc5 26. Rxe7 Qb8 27. dxc6 Bxc6 28.
Ned5 Rc8 29. Bf1 Bf8 30. Qa2 Nxe4 31. Nf6+ Nxf6 32. Qxf7+ 1-0

[Event "New Zealand Open Ch'p 2015"]
[Site "Devonport, Auckland"]
[Date "2015.01.05"]
[Round "5.20"]
[White "Li, William Xiang Wei"]
[Black "Schmitz, Andreas Arnold"]
[Result "0-1"]
[WhiteElo "1935"]
[BlackElo "2066"]
[PlyCount "86"]
[EventDate "2015.01.01"]
[EventType "swiss"]
[EventRounds "9"]
[SourceDate "2015.01.01"]

1. e4 e6 2. d4 d5 3. exd5 exd5 4. c4 Nf6 5. Nc3 Nc6 6. Nf3 Bg4 7. Be3 Qd7 8.
Be2 dxc4 9. Bxc4 O-O-O 10. O-O Bxf3 11. Qxf3 Nxd4 12. Bxd4 Qxd4 13. Bxf7 Bd6
14. Rad1 Qf4 15. Qh3+ Kb8 16. Nd5 Nxd5 17. Bxd5 g5 18. g3 Qf6 19. Qg2 c6 20.
Be4 h5 21. Rd3 h4 22. Rb3 hxg3 23. hxg3 Kc7 24. Rc3 Be5 25. Rc2 Bxb2 26. a4 Rd6
27. Rb1 Rhd8 28. Qh3 Rd1+ 29. Rxd1 Rxd1+ 30. Kg2 Bc3 31. g4 Be5 32. Bf5 Qh8 33.
Qh5 Qg8 34. Re2 Bf4 35. Re7+ Kb6 36. Be6 Qb8 37. Qh7 a6 38. a5+ Ka7 39. Bf5 Rd2
40. Qf7 Bg3 41. Qb3 Bxf2 42. Kf1 Bc5 43. Rh7 Qf4+ 0-1

[Event "New Zealand Open Ch'p 2015"]
[Site "Devonport, Auckland"]
[Date "2015.01.05"]
[Round "5.21"]
[White "Hair, Philip I"]
[Black "Ang, Alphaeus Wei Ern"]
[Result "0-1"]
[WhiteElo "1941"]
[BlackElo "2009"]
[PlyCount "63"]
[EventDate "2015.01.01"]
[EventType "swiss"]
[EventRounds "9"]
[SourceDate "2015.01.01"]

1. e4 Nc6 2. Nc3 Nf6 3. d4 d5 4. e5 Nd7 5. Nxd5 Ndb8 6. Nc3 Qxd4 7. Qxd4 Nxd4
8. Bd3 Nbc6 9. Be3 Bf5 10. O-O-O Bxd3 11. Rxd3 O-O-O 12. Nh3 f6 13. exf6 gxf6
14. Rhd1 e5 15. a3 Be7 16. f4 b5 17. fxe5 fxe5 18. Bg5 Bxg5+ 19. Nxg5 Rhg8 20.
Nxh7 Rxg2 21. R3d2 Rxd2 22. Rxd2 Na5 23. Rd3 Nc4 24. Rg3 a5 25. Kb1 b4 26. axb4
axb4 27. Ne4 Ne2 28. Rd3 Rg8 29. Rd1 Rg2 30. h4 Nd4 31. Nhf6 Rxc2 32. Rxd4 0-1

[Event "New Zealand Open Ch'p 2015"]
[Site "Devonport, Auckland"]
[Date "2015.01.05"]
[Round "5.22"]
[White "Milligan, Helen"]
[Black "Lim, Benjamin U"]
[Result "1/2-1/2"]
[WhiteElo "1968"]
[BlackElo "1996"]
[PlyCount "42"]
[EventDate "2015.01.01"]
[EventType "swiss"]
[EventRounds "9"]
[SourceDate "2015.01.01"]

1. e4 d5 2. exd5 Qxd5 3. Nc3 Qd8 4. d4 Nf6 5. h3 c6 6. Nf3 Bf5 7. Bd3 Bxd3 8.
Qxd3 e6 9. Bd2 Qc7 10. O-O-O Nbd7 11. Rhe1 O-O-O 12. Kb1 h6 13. Ne4 Nxe4 14.
Qxe4 Nf6 15. Qe2 Bd6 16. c4 Rhe8 17. Bc3 Qe7 18. Ne5 Nd7 19. Qf3 Nxe5 20. dxe5
Bc5 21. Qe2 Bb4 1/2-1/2

[Event "New Zealand Open Ch'p 2015"]
[Site "Devonport, Auckland"]
[Date "2015.01.05"]
[Round "5.23"]
[White "Vincenti, David"]
[Black "Louie, Jared"]
[Result "0-1"]
[WhiteElo "2106"]
[BlackElo "1783"]
[PlyCount "68"]
[EventDate "2015.01.01"]
[EventType "swiss"]
[EventRounds "9"]
[SourceDate "2015.01.01"]

1. d4 Nf6 2. c4 c5 3. d5 e5 4. Nc3 d6 5. e4 Be7 6. g3 Nbd7 7. Bg2 Nf8 8. Nge2
Ng6 9. O-O h5 10. h3 Bd7 11. f4 exf4 12. gxf4 Qc7 13. Qd3 O-O-O 14. a3 Rdg8 15.
b4 b6 16. bxc5 bxc5 17. Rb1 Nh4 18. Nb5 Bxb5 19. Rxb5 a6 20. Rb3 Nxg2 21. Kxg2
Nd7 22. Bb2 Bf6 23. Bxf6 Nxf6 24. Ng3 h4 25. Nf5 g6 26. Nxd6+ Qxd6 27. e5 Qd7
28. Rfb1 Qc7 29. Rb6 Nh5 30. Qb3 Nxf4+ 31. Kh1 Qxe5 32. Rb8+ Kd7 33. Qa4+ Ke7
34. R1b7+ Kf6 0-1

[Event "New Zealand Open Ch'p 2015"]
[Site "Devonport, Auckland"]
[Date "2015.01.05"]
[Round "5.25"]
[White "Aldridge, Alan L"]
[Black "Duneas, John"]
[Result "0-1"]
[WhiteElo "1890"]
[BlackElo "2054"]
[PlyCount "96"]
[EventDate "2015.01.01"]
[EventType "swiss"]
[EventRounds "9"]
[SourceDate "2015.01.01"]

1. d4 d5 2. Nc3 Nf6 3. Bg5 Bf5 4. Bxf6 exf6 5. e3 c6 6. a3 Bd6 7. Nf3 O-O 8.
Nh4 Be6 9. Bd3 g6 10. O-O f5 11. Nf3 Nd7 12. Ne2 Qc7 13. Rc1 b5 14. g3 Nf6 15.
Nf4 Ne4 16. h4 h6 17. Kg2 Qe7 18. Rh1 Bd7 19. Be2 Rfe8 20. Rf1 Kg7 21. Nd3 Nf6
22. Nfe5 h5 23. Nxd7 Qxd7 24. Bf3 Ne4 25. c3 a5 26. Bxe4 fxe4 27. Nc5 Qe7 28.
b4 axb4 29. axb4 Bxc5 30. dxc5 Ra2 31. Rc2 Rea8 32. Qd2 Rxc2 33. Qxc2 Qf6 34.
Rb1 Ra3 35. Rb3 Ra1 36. Qe2 Rc1 37. Rb2 Qxc3 38. Qd2 Qc4 39. Qd4+ Qxd4 40. exd4
Rc4 41. Kf1 Rxd4 42. Ke2 Kf6 43. f3 Rd3 44. fxe4 Rxg3 45. Kf2 Rh3 46. Kg2 Rxh4
47. exd5 cxd5 48. Rf2+ Ke6 0-1

[Event "New Zealand Open Ch'p 2015"]
[Site "Devonport, Auckland"]
[Date "2015.01.05"]
[Round "5.26"]
[White "Forster, William F"]
[Black "Goodhue, Nathan"]
[Result "1/2-1/2"]
[WhiteElo "1999"]
[BlackElo "2020"]
[PlyCount "36"]
[EventDate "2015.01.01"]
[EventType "swiss"]
[EventRounds "9"]
[SourceDate "2015.01.01"]

1. Nf3 d5 2. b3 c5 3. e3 Nc6 4. Bb2 Bg4 5. h3 Bh5 6. d4 cxd4 7. exd4 e6 8. Nbd2
Nf6 9. Bd3 Bd6 10. O-O O-O 11. g4 Bg6 12. Bxg6 hxg6 13. Ne5 g5 14. Qe2 Nd7 15.
Ndf3 Ndxe5 16. dxe5 Be7 17. Rfd1 Qb6 18. Rac1 Rad8 1/2-1/2

[Event "New Zealand Open Ch'p 2015"]
[Site "Devonport, Auckland"]
[Date "2015.01.05"]
[Round "5.27"]
[White "Bennett, Hilton P"]
[Black "D'arcy, Michael"]
[Result "0-1"]
[WhiteElo "2009"]
[BlackElo "1916"]
[PlyCount "58"]
[EventDate "2015.01.01"]
[EventType "swiss"]
[EventRounds "9"]
[SourceDate "2015.01.01"]

1. e4 e5 2. d4 exd4 3. Qxd4 Nc6 4. Qe3 Nf6 5. Nc3 Bb4 6. Bd2 O-O 7. O-O-O Re8
8. Qg3 Rxe4 9. a3 Bxc3 10. Bxc3 d5 11. Bd3 Re8 12. Ne2 Be6 13. f3 Qe7 14. Qh4
h6 15. g4 Nd7 16. Qf2 Nde5 17. Ng3 d4 18. Be1 Nxd3+ 19. Rxd3 Rad8 20. f4 Bd5
21. Nf5 Qe2 22. Rg1 Qxf2 23. Bxf2 Be4 24. Rdg3 d3 25. cxd3 Bxd3 26. Be1 Re2 27.
Ne3 Nd4 28. Nf1 Rxe1+ 29. Kd2 Rxf1 0-1

[Event "New Zealand Open Ch'p 2015"]
[Site "Devonport, Auckland"]
[Date "2015.01.05"]
[Round "5.28"]
[White "Pakenham, John"]
[Black "Fuatai, Fuatai"]
[Result "0-1"]
[WhiteElo "1704"]
[BlackElo "2004"]
[PlyCount "146"]
[EventDate "2015.01.01"]
[EventType "swiss"]
[EventRounds "9"]
[SourceDate "2015.01.01"]

1. d4 Nf6 2. c4 g6 3. g3 Bg7 4. Bg2 d5 5. Nf3 O-O 6. Ne5 dxc4 7. Nxc4 Nc6 8. e3
Bg4 9. f3 Be6 10. b3 Qc8 11. h3 Nh5 12. Kf2 b5 13. Nca3 Rd8 14. Bb2 Qb8 15. f4
Qb6 16. Nc2 Rab8 17. g4 Nf6 18. Nd2 Nd5 19. Nf3 h6 20. a3 f5 21. Ne5 Nxe5 22.
fxe5 Bxe5 23. gxf5 gxf5 24. Bxd5 Bxd5 25. Rg1+ Bg7 26. Qh5 Qf6 27. Nb4 Bf7 28.
Qf3 Qh4+ 29. Qg3 Qxg3+ 30. Rxg3 Kf8 31. Nc6 Bf6 32. Nxb8 Rxb8 33. Rf3 Bh4+ 34.
Kf1 e6 35. Rc1 Rb7 36. Kg2 Ke7 37. Rc5 Kd7 38. Rf1 Be7 39. Rc2 Bd6 40. b4 Rb8
41. Rg1 Ke7 42. Kf2 Kf6 43. Ke1 h5 44. Kf2 h4 45. Bc3 Bg6 46. Re2 Bh5 47. Rc2
Bg3+ 48. Kf1 Bd1 49. Rc1 Bb3 50. Be1 Bc4+ 51. Rxc4 bxc4 52. Bxg3 hxg3 53. Rxg3
a5 54. bxa5 Rb3 55. Ke1 Rxa3 56. Kd2 Rxa5 57. Kc3 c5 58. Kxc4 cxd4 59. exd4 f4
60. Rg8 Ra3 61. h4 Kf5 62. Rg5+ Kf6 63. Rg4 e5 64. dxe5+ Kxe5 65. h5 Rh3 66.
Rg5+ Ke4 67. Rg8 Rxh5 68. Re8+ Kf3 69. Kd4 Kf2 70. Rb8 f3 71. Rb2+ Kg3 72. Rb3
Rh8 73. Rb8 Rxb8 0-1

[Event "New Zealand Open Ch'p 2015"]
[Site "Devonport, Auckland"]
[Date "2015.01.05"]
[Round "5.29"]
[White "Macdonald, Paul"]
[Black "Tsagarakis, Angelo"]
[Result "1/2-1/2"]
[WhiteElo "1983"]
[BlackElo "1855"]
[PlyCount "114"]
[EventDate "2015.01.01"]
[EventType "swiss"]
[EventRounds "9"]
[SourceDate "2015.01.01"]

1. d4 Nf6 2. c4 g6 3. Nc3 Bg7 4. e4 d6 5. f4 O-O 6. Nf3 c5 7. d5 Bg4 8. Be2 a6
9. a4 Qa5 10. Bd2 Nbd7 11. O-O Rab8 12. Qc2 Qc7 13. h3 Bxf3 14. Bxf3 e6 15.
Rad1 exd5 16. cxd5 b5 17. Be3 b4 18. Nb1 Rfe8 19. Nd2 Nxd5 20. Nc4 Nxe3 21.
Nxe3 Nf6 22. b3 Rbd8 23. Qc4 a5 24. Nd5 Nxd5 25. Rxd5 Qe7 26. g3 Qf6 27. e5
dxe5 28. fxe5 Qg5 29. Qf4 Qxf4 30. gxf4 Bh6 31. Rxc5 Bxf4 32. Rxa5 Rd3 33. Bd5
g5 34. Rf3 Rd2 35. Bc4 Kg7 36. Rb5 Rxe5 37. Rxe5 Bxe5 38. Rxf7+ Kg6 39. Rb7 Bc3
40. a5 Ra2 41. a6 h5 42. Bb5 Kf5 43. Rf7+ Ke5 44. Ba4 Bd4+ 45. Kf1 g4 46. hxg4
hxg4 47. a7 Ra1+ 48. Ke2 Ra2+ 49. Kd3 Bxa7 50. Rxa7 g3 51. Rg7 g2 52. Bc6 Rb2
53. Ba4 Kf4 54. Kc4 Ke3 55. Kxb4 Kf2 56. Rf7+ Ke1 57. Rg7 Kf2 1/2-1/2

[Event "New Zealand Open Ch'p 2015"]
[Site "Devonport, Auckland"]
[Date "2015.01.05"]
[Round "5.30"]
[White "Gong, Daniel Hanwen"]
[Black "Gunawan, Boy Reinhard"]
[Result "1-0"]
[WhiteElo "1870"]
[BlackElo "1980"]
[PlyCount "81"]
[EventDate "2015.01.01"]
[EventType "swiss"]
[EventRounds "9"]
[SourceDate "2015.01.01"]

1. e4 d5 2. exd5 Qxd5 3. Nc3 Qd8 4. d4 Nf6 5. Nf3 e6 6. Bc4 c6 7. O-O Be7 8.
Bf4 b5 9. Bd3 a6 10. a4 Bb7 11. Qe2 Nbd7 12. Rfd1 O-O 13. Ne5 Qc8 14. Bg5 Re8
15. Nxd7 Qxd7 16. Bxf6 Bxf6 17. Ne4 Qe7 18. Nc5 g6 19. c3 e5 20. Re1 Qc7 21.
axb5 cxb5 22. Nxb7 exd4 23. Qf3 dxc3 24. Qxf6 cxb2 25. Qxb2 Qxb7 26. Bf1 Qb6
27. Rad1 Rac8 28. Qb3 Qc6 29. g3 Rxe1 30. Rxe1 Qf6 31. Bg2 Rb8 32. Bd5 Kg7 33.
Rc1 h5 34. Rc7 Rf8 35. h4 Qb6 36. Rxf7+ Rxf7 37. Bxf7 a5 38. Be8 b4 39. Qf7+
Kh8 40. Ba4 Qd6 41. Bb3 1-0

[Event "New Zealand Open Ch'p 2015"]
[Site "Devonport, Auckland"]
[Date "2015.01.05"]
[Round "5.31"]
[White "Jackson, L Ross"]
[Black "Seabrook, Roy"]
[Result "0-1"]
[WhiteElo "1927"]
[BlackElo "1839"]
[PlyCount "78"]
[EventDate "2015.01.01"]
[EventType "swiss"]
[EventRounds "9"]
[SourceDate "2015.01.01"]

1. d4 Nf6 2. c4 g6 3. g3 Bg7 4. Bg2 O-O 5. Nf3 d5 6. cxd5 Nxd5 7. O-O Nc6 8. e4
Nb6 9. d5 Na5 10. Nc3 e6 11. Bg5 Qe8 12. Re1 h6 13. Bf4 e5 14. Be3 Nac4 15. Bc5
Nd6 16. h4 Bg4 17. Qb3 Qd7 18. Kh2 f5 19. Ng1 f4 20. f3 fxg3+ 21. Kxg3 Bh5 22.
Bh3 Qe7 23. Re3 Rf4 24. Bg4 Nf5+ 25. exf5 Qxc5 26. d6+ Kh8 27. Ne4 Rxe4 28.
Rxe4 gxf5 29. Bxf5 cxd6 30. Qc3 Qd5 31. Rc1 Rf8 32. Bg4 Bg6 33. Re2 e4 34. fxe4
Be5+ 35. Kh3 Bxe4 36. Qe1 Bf5 37. Rxe5 Bxg4+ 38. Kxg4 dxe5 39. Rc3 Qg2+ {(time)
} 0-1

[Event "New Zealand Open Ch'p 2015"]
[Site "Devonport, Auckland"]
[Date "2015.01.05"]
[Round "5.32"]
[White "Zhang, Leo"]
[Black "James, Jack"]
[Result "1-0"]
[WhiteElo "1908"]
[BlackElo "1867"]
[PlyCount "93"]
[EventDate "2015.01.01"]
[EventType "swiss"]
[EventRounds "9"]
[SourceDate "2015.01.01"]

1. d4 Nf6 2. c4 d6 3. Nc3 Nbd7 4. e4 e5 5. Nge2 c6 6. f3 Qc7 7. Be3 Be7 8. Qd2
b6 9. d5 c5 10. g3 a6 11. Bg2 Nf8 12. Nc1 Bd7 13. a4 h5 14. h4 a5 15. Nd3 Ng6
16. O-O-O O-O-O 17. f4 Ng4 18. fxe5 N6xe5 19. Nxe5 Nxe5 20. b3 Ng4 21. Bf4 Bf6
22. Rde1 Bxc3 23. Qxc3 f6 24. Qd2 Rde8 25. Rhf1 Rhf8 26. Qc3 Qb8 27. Kb2 Kc7
28. Bf3 Nh2 29. Bxh5 Nxf1 30. Bxe8 Rxe8 31. Rxf1 Rxe4 32. g4 Qe8 33. g5 Qg6 34.
Qf3 fxg5 35. hxg5 Bh3 36. Qxh3 Re2+ 37. Ka3 Qc2 38. Bxd6+ Kxd6 39. Qg3+ Kd7 40.
Qg4+ Ke7 41. d6+ Kxd6 42. Qf4+ Kc6 43. Qf3+ Kc7 44. Qf7+ Kc8 45. Qf8+ Kc7 46.
Rf7+ Kc6 47. Qa8+ 1-0